[Event "IRI-ch sf"]
[Site "Hamedan"]
[Date "2018.11.11"]
[Round "4.4"]
[White "Tahbaz, Arash"]
[Black "Shah Moradi, Mohammad"]
[Result "1-0"]
[WhiteElo "2475"]
[BlackElo "2191"]
[PlyCount "121"]
[EventDate "2018.11.09"]
[EventType "swiss"]
[EventRounds "9"]
[EventCountry "IRI"]
[SourceTitle "CBM 187 Extra"]
[Source "ChessBase"]
[SourceDate "2018.11.04"]
[SourceVersion "1"]
[SourceVersionDate "2018.11.04"]
[SourceQuality "1"]

1. d4 Nf6 2. c4 g6 3. Nc3 d5 4. Nf3 Bg7 5. Bg5 Ne4 6. cxd5 Nxg5 7. Nxg5 e6 8. Nf3 exd5 9. e3 0-0 10. Be2 c6 11. 0-0 Be6 12. b4 Nd7 13. Rc1 Rc8 14. a4 Qe7 15. Qb3 Rfd8 16. h3 h6 17. Bd3 Bf8 18. Na2 Qf6 19. Nd2 Bd6 20. Rfd1 Kg7 21. a5 h5 22. Qb2 Bf5 23. Bxf5 gxf5 24. Re1 Re8 25. Nf3 f4 26. exf4 Bxf4 27. Rcd1 Bc7 28. h4 Qf5 29. Qb1 Rxe1+ 30. Rxe1 Qxb1 31. Rxb1 Re8 32. Kf1 a6 33. Re1 Rxe1+ 34. Nxe1 b6 35. axb6 Bxb6 36. Nc2 a5 37. bxa5 Bxa5 38. Nab4 c5 39. Nxd5 cxd4 40. Nxd4 Bd2 41. Ke2 Bc1 42. Kf3 Ne5+ 43. Ke4 Ng4 44. f3 Nf6+ 45. Nxf6 Kxf6 46. Ne2 Bd2 47. Nf4 Be1 48. Nxh5+ Kg6 49. Nf4+ Kh6 50. h5 Kg5 51. g4 f5+ 52. gxf5 Bd2 53. Nd5 Kxh5 54. Ke5 Kh6 55. Ke6 Bc1 56. f6 Ba3 57. Ne7 Bb4 58. f4 Ba3 59. f5 Bb4 60. Ng6 Ba3 61. f7 1-0

[Event "IRI-ch sf"]
[Site "Arak"]
[Date "2016.11.25"]
[Round "7"]
[White "Gholami, Aryan"]
[Black "Shah Moradi, Mohammad"]
[Result "1-0"]
[WhiteElo "2426"]
[BlackElo "2161"]
[PlyCount "79"]
[EventDate "2016.11.21"]
[EventType "swiss"]
[EventRounds "9"]
[EventCountry "IRI"]
[SourceTitle "CBM 175 Extra"]
[Source "ChessBase"]
[SourceDate "2016.12.12"]
[SourceVersion "1"]
[SourceVersionDate "2016.12.12"]
[SourceQuality "1"]

1. e4 c5 2. Nf3 Nc6 3. Bb5 d6 4. 0-0 Bd7 5. Re1 Nf6 6. c3 g6 7. d4 Bg7 8. e5 dxe5 9. dxe5 Ng4 10. Bf4 0-0 11. Na3 a6 12. Bf1 Kh8 13. Qc1 f6 14. e6 Bc8 15. Nc4 b5 16. Rd1 Qe8 17. Nb6 Ra7 18. Nxc8 Qxc8 19. h3 Nge5 20. Nxe5 Nxe5 21. a4 Qxe6 22. axb5 Raa8 23. bxa6 c4 24. a7 Nc6 25. Be3 f5 26. Ra4 f4 27. Bxf4 Rxa7 28. Rxc4 Ne5 29. Re4 Qf5 30. Qe3 Nc6 31. Bg3 Rc8 32. Bc4 e5 33. Bd5 Rd7 34. c4 Re8 35. Re1 Nb4 36. Bxe5 Nxd5 37. cxd5 Red8 38. Bxg7+ Kxg7 39. Re7+ Kg8 40. Qh6 1-0

[Event "IRI-ch sf"]
[Site "Rasht"]
[Date "2015.12.14"]
[Round "2"]
[White "Shah Moradi, Mohammad"]
[Black "Gholami, Aryan"]
[Result "0-1"]
[WhiteElo "2157"]
[BlackElo "2422"]
[PlyCount "72"]
[EventDate "2015.12.13"]
[EventType "swiss"]
[EventRounds "9"]
[EventCountry "IRI"]
[SourceTitle "EXT 2017"]
[Source "ChessBase"]
[SourceDate "2016.10.25"]
[SourceVersion "1"]
[SourceVersionDate "2016.10.25"]
[SourceQuality "1"]

1. e4 c5 2. Nf3 e6 3. Nc3 a6 4. d4 cxd4 5. Nxd4 Qc7 6. Bd3 Nf6 7. f4 d6 8. Qe2 g6 9. 0-0 Bg7 10. Be3 0-0 11. a4 Nc6 12. Nb3 b6 13. g4 Bb7 14. g5 Nd7 15. f5 Rfe8 16. f6 Bf8 17. Rad1 Nce5 18. Qg2 Rad8 19. Bf4 d5 20. Rfe1 Qc8 21. exd5 exd5 22. Qg3 Nc4 23. Bc7 Nxb2 24. Bxd8 Rxd8 25. Bf1 Nxd1 26. Rxd1 Nc5 27. Bh3 Qa8 28. Bg2 Ne4 29. Nxe4 dxe4 30. Qe1 Rxd1 31. Qxd1 Qc8 32. Qd4 Qxc2 33. Qxb6 Bd5 34. Nd4 Qc1+ 35. Kf2 e3+ 36. Kg3 Qe1+ 0-1

[Event "IRI-ch"]
[Site "Mashhad"]
[Date "2015.01.26"]
[Round "10"]
[White "Khamisi, S Jafar"]
[Black "Shah Moradi, Mohammad"]
[Result "1-0"]
[WhiteElo "2127"]
[BlackElo "2168"]
[PlyCount "99"]
[EventDate "2015.01.20"]
[EventType "swiss"]
[EventRounds "11"]
[EventCountry "IRI"]
[SourceTitle "CBM 164 Extra"]
[Source "ChessBase"]
[SourceDate "2015.03.02"]
[SourceVersion "1"]
[SourceVersionDate "2015.03.02"]
[SourceQuality "1"]

1. e4 c5 2. Nf3 d6 3. d4 cxd4 4. Nxd4 Nf6 5. Nc3 Nc6 6. f3 e5 7. Nb3 Be7 8. Be3 0-0 9. Qd2 Be6 10. 0-0-0 a5 11. Kb1 a4 12. Nc1 a3 13. b3 Nb4 14. Nd3 d5 15. Nxe5 Rc8 16. Bd4 Qc7 17. exd5 Bf5 18. Bd3 Nxd3 19. Nxd3 Rfd8 20. g4 Bg6 21. Nf4 Bb4 22. Nxg6 hxg6 23. Nb5 Qa5 24. Qd3 Nxd5 25. c4 Nc7 26. Nxc7 Rxc7 27. Qe2 Re7 28. Qf2 Red7 29. Rd3 b5 30. Bb6 Rxd3 31. Bxa5 Bxa5 32. Qa7 Bb4 33. Rc1 Rd2 34. Rc2 Rxc2 35. Kxc2 Rd2+ 36. Kc1 Rxa2 37. cxb5 Re2 38. b6 Bd6 39. b7 Re8 40. b4 Rb8 41. h3 Kf8 42. Kc2 Ke7 43. Kb3 Kd7 44. Kxa3 Kc7 45. Ka4 Rxb7 46. Qa5+ Kd7 47. b5 Bc5 48. Qd2+ Kc7 49. Qd5 Ra7+ 50. Kb3 1-0

[Event "IRI-ch"]
[Site "Mashhad"]
[Date "2015.01.22"]
[Round "4"]
[White "Maghsoodloo, Parham"]
[Black "Shah Moradi, Mohammad"]
[Result "1-0"]
[WhiteElo "2421"]
[BlackElo "2168"]
[PlyCount "81"]
[EventDate "2015.01.20"]
[EventType "swiss"]
[EventRounds "11"]
[EventCountry "IRI"]
[SourceTitle "CBM 164 Extra"]
[Source "ChessBase"]
[SourceDate "2015.03.02"]
[SourceVersion "1"]
[SourceVersionDate "2015.03.02"]
[SourceQuality "1"]

1. e4 c5 2. Nf3 d6 3. Bb5+ Nd7 4. 0-0 a6 5. Bxd7+ Bxd7 6. Qe2 e5 7. Rd1 Nf6 8. c3 Be7 9. d4 Qc7 10. Bg5 0-0 11. dxe5 dxe5 12. c4 b5 13. Nc3 bxc4 14. Nd2 Bc6 15. Nxc4 Rfd8 16. Bxf6 Bxf6 17. Nd5 Bxd5 18. Rxd5 Rxd5 19. exd5 g6 20. Qf3 Bg7 21. d6 Qa7 22. Rd1 Rd8 23. Qc6 e4 24. Qxe4 Bd4 25. Re1 a5 26. Qc6 Qd7 27. Qxd7 Rxd7 28. Re7 Rd8 29. Ra7 Kg7 30. Kf1 Kf6 31. Rxa5 Rd7 32. b3 Ke6 33. Rb5 f5 34. a4 g5 35. a5 f4 36. a6 Ra7 37. Rb6 h5 38. f3 g4 39. Ke2 Kd5 40. d7 Rxd7 41. a7 1-0

[Event "IRI-ch"]
[Site "Mashhad"]
[Date "2015.01.20"]
[Round "1"]
[White "Shah Moradi, Mohammad"]
[Black "Noroozi, Omid"]
[Result "0-1"]
[WhiteElo "2168"]
[BlackElo "2359"]
[PlyCount "70"]
[EventDate "2015.01.20"]
[EventType "swiss"]
[EventRounds "11"]
[EventCountry "IRI"]
[SourceTitle "CBM 164 Extra"]
[Source "ChessBase"]
[SourceDate "2015.03.02"]
[SourceVersion "1"]
[SourceVersionDate "2015.03.02"]
[SourceQuality "1"]

1. e4 c5 2. Nf3 d6 3. d4 cxd4 4. Nxd4 a6 5. Nc3 e6 6. Be3 Nf6 7. g4 e5 8. Nf5 h5 9. g5 Nxe4 10. Nxg7+ Bxg7 11. Nxe4 d5 12. Ng3 e4 13. Bd4 Qxg5 14. Bxg7 Qxg7 15. Qxd5 Qxb2 16. Rd1 Nc6 17. Nxe4 Be6 18. Nd6+ Kf8 19. Qc5 Qb4+ 20. Qxb4 Nxb4 21. Rd2 Rd8 22. c4 b6 23. a3 Nc6 24. Be2 Ke7 25. Ne4 Rd4 26. Rxd4 Nxd4 27. Bd3 Rd8 28. Kd2 Nf3+ 29. Kc3 Ne5 30. Be2 Rc8 31. Nd2 b5 32. Bxh5 Nxc4 33. Nxc4 Rxc4+ 34. Kb2 Rf4 35. f3 Rh4 0-1

[Event "IRI-ch"]
[Site "Zahedan"]
[Date "2012.12.08"]
[Round "2"]
[White "Shah Moradi, Mohammad"]
[Black "Hosseinzadeh, Nima"]
[Result "0-1"]
[WhiteElo "2120"]
[BlackElo "2250"]
[PlyCount "76"]
[EventDate "2012.12.07"]
[EventType "swiss"]
[EventRounds "11"]
[EventCountry "IRI"]
[SourceTitle "EXT 2014"]
[Source "ChessBase"]
[SourceDate "2013.11.20"]
[SourceVersion "1"]
[SourceVersionDate "2013.11.20"]
[SourceQuality "1"]

1. e4 c5 2. Nf3 e6 3. d4 cxd4 4. Nxd4 Nc6 5. Nc3 a6 6. Nxc6 bxc6 7. Bd3 d5 8. 0-0 Nf6 9. Qf3 Be7 10. Re1 0-0 11. b3 Bb4 12. Bd2 d4 13. Nb1 Bxd2 14. Nxd2 e5 15. Bc4 Qe7 16. Qe2 Ne8 17. a4 a5 18. Rf1 Nd6 19. Bd3 Be6 20. f4 f6 21. fxe5 fxe5 22. Rxf8+ Rxf8 23. Rf1 Rxf1+ 24. Qxf1 Qf6 25. Qe2 Qf4 26. g3 Qg5 27. Bc4 Nxc4 28. Nxc4 Bh3 29. Qe1 Qf6 30. Qf2 Qg5 31. Qe1 Qh5 32. Kf2 Qf7+ 33. Ke2 Qh5+ 34. Kf2 Qf7+ 35. Ke2 Qh5+ 36. Kd2 Qg5+ 37. Kd3 h5 38. Nxa5 Bf1+ 0-1

[Event "Hamadan Iran op 11th"]
[Site "Hamadan"]
[Date "2012.07.13"]
[Round "4"]
[White "Mousavi, Seyed Khalil"]
[Black "Shah Moradi, Mohammad"]
[Result "1-0"]
[WhiteElo "2216"]
[BlackElo "2092"]
[PlyCount "96"]
[EventDate "2012.07.11"]
[EventType "swiss"]
[EventRounds "11"]
[EventCountry "IRI"]
[SourceTitle "CBM 149 Extra"]
[Source "ChessBase"]
[SourceDate "2012.08.24"]
[SourceVersion "1"]
[SourceVersionDate "2012.08.24"]
[SourceQuality "1"]

1. d4 Nf6 2. c4 g6 3. Nc3 Bg7 4. e4 d6 5. Nge2 0-0 6. Ng3 a6 7. Be2 c5 8. d5 b5 9. cxb5 axb5 10. Nxb5 Ba6 11. 0-0 h5 12. Qc2 Nbd7 13. Rd1 Qb6 14. a4 Ne5 15. h3 c4 16. Be3 Qb7 17. f4 Nd3 18. Bxd3 cxd3 19. Qxd3 Rab8 20. Bd4 Bxb5 21. axb5 Qxb5 22. Qe3 Rfc8 23. Ne2 Rc2 24. Rd3 Qc4 25. Rad1 h4 26. Bxf6 Bxf6 27. b3 Rxb3 28. Rxb3 Rxe2 29. Rc1 Qxe4 30. Qxe4 Rxe4 31. Rf1 Bd4+ 32. Kh2 Rxf4 33. Rxf4 Be5 34. g3 hxg3+ 35. Kxg3 g5 36. Kg4 gxf4 37. Rb7 Kf8 38. h4 f6 39. h5 Kf7 40. Ra7 Kg7 41. Rxe7+ Kh6 42. Rf7 f3 43. Kxf3 Kxh5 44. Ke4 Kg6 45. Rf8 Kg7 46. Ra8 Kg6 47. Rg8+ Kf7 48. Rg1 Bc3 1-0

[Event "Fajr op 20th"]
[Site "Tabriz"]
[Date "2012.01.20"]
[Round "11"]
[White "Shah Moradi, Mohammad"]
[Black "Toufighi, Homayoon"]
[Result "0-1"]
[WhiteElo "2035"]
[BlackElo "2444"]
[PlyCount "62"]
[EventDate "2012.01.12"]
[EventType "swiss"]
[EventRounds "11"]
[EventCountry "IRI"]
[SourceTitle "CBM 146 Extra"]
[Source "ChessBase"]
[SourceDate "2012.02.29"]
[SourceVersion "1"]
[SourceVersionDate "2012.02.29"]
[SourceQuality "1"]

1. e4 e6 2. d4 d5 3. Nc3 Bb4 4. e5 Ne7 5. a3 Bxc3+ 6. bxc3 c5 7. Qg4 Qc7 8. Qxg7 Rg8 9. Qxh7 cxd4 10. Ne2 Nbc6 11. f4 Bd7 12. Qd3 dxc3 13. Rb1 Na5 14. Qxc3 Qd8 15. Nd4 Rc8 16. Qd3 a6 17. h4 Nac6 18. Rxb7 Nxd4 19. Qxd4 Rxc2 20. Bd2 Bc6 21. Rb1 Bb5 22. Rh3 Nf5 23. Qf2 d4 24. Rxb5 Rxd2 25. Qxd2 axb5 26. Bxb5+ Kf8 27. h5 Qd5 28. Bf1 Kg7 29. Kf2 Kh6 30. Kg1 Ne3 31. Rxe3 dxe3 0-1

[Event "Armen Norouz Cup 1st"]
[Site "Esfahan"]
[Date "2011.03.31"]
[Round "9"]
[White "Roushan, Reyshah Sarina"]
[Black "Shah Moradi, Mohammad"]
[Result "0-1"]
[WhiteElo "1614"]
[BlackElo "2021"]
[PlyCount "64"]
[EventDate "2011.03.25"]
[EventType "swiss"]
[EventRounds "9"]
[EventCountry "IRI"]
[SourceTitle "CBM 141 Extra"]
[Source "ChessBase"]
[SourceDate "2011.05.03"]
[SourceVersion "1"]
[SourceVersionDate "2011.05.03"]
[SourceQuality "1"]

1. d4 Nf6 2. c4 c5 3. d5 b5 4. cxb5 a6 5. b6 Qxb6 6. Nc3 d6 7. e4 g6 8. Nf3 Bg7 9. Nd2 0-0 10. Nc4 Qc7 11. Bd3 Nbd7 12. 0-0 Nb6 13. Be3 Ng4 14. Bd2 Ne5 15. Nxe5 Bxe5 16. Qc2 Bd7 17. a4 Rfb8 18. Kh1 Rb7 19. f4 Bg7 20. Nd1 e6 21. Ne3 Nxa4 22. Bc3 Nxc3 23. bxc3 Bb5 24. Rfb1 Rab8 25. Bxb5 axb5 26. dxe6 fxe6 27. Qb3 Qf7 28. Ra6 c4 29. Qb4 Qxf4 30. Nf1 Qxe4 31. Ng3 Qe5 32. Rxd6 Bf8 0-1

[Event "Armen Norouz Cup 1st"]
[Site "Esfahan"]
[Date "2011.03.28"]
[Round "5"]
[White "Badkoubi, Amirhossein"]
[Black "Shah Moradi, Mohammad"]
[Result "1-0"]
[WhiteElo "1967"]
[BlackElo "2021"]
[PlyCount "111"]
[EventDate "2011.03.25"]
[EventType "swiss"]
[EventRounds "9"]
[EventCountry "IRI"]
[SourceTitle "CBM 141 Extra"]
[Source "ChessBase"]
[SourceDate "2011.05.03"]
[SourceVersion "1"]
[SourceVersionDate "2011.05.03"]
[SourceQuality "1"]

1. d4 Nf6 2. c4 c5 3. d5 b5 4. Nf3 d6 5. cxb5 a6 6. b6 Qxb6 7. Nc3 g6 8. Nd2 Bg7 9. e4 0-0 10. Nc4 Qc7 11. Be2 Bd7 12. a4 a5 13. 0-0 Na6 14. Bf4 Ne8 15. Re1 Rb8 16. Qd2 Rb4 17. Bh6 f5 18. Bxg7 Nxg7 19. e5 dxe5 20. d6 exd6 21. Nd5 Qb8 22. Nxb4 Nxb4 23. Nxd6 Rd8 24. Qg5 Nc2 25. Bc4+ Be6 26. Nxf5 Bxc4 27. Ne7+ Kh8 28. Nc6 Qc7 29. Qxd8+ Qxd8 30. Nxd8 Nxa1 31. Rxa1 Bd5 32. Rd1 Bb3 33. Rc1 c4 34. Nf7+ Kg8 35. Nxe5 Nf5 36. Rxc4 Bxc4 37. Nxc4 Kf7 38. Nxa5 Ke6 39. Nc4 Nd4 40. Nd2 Kd5 41. f4 Ne2+ 42. Kf2 Nxf4 43. b3 Kd4 44. g3 Nd5 45. Kf3 Kc3 46. Ke2 Kc2 47. g4 Nf4+ 48. Ke3 Ng2+ 49. Kd4 Kxd2 50. a5 Nf4 51. b4 Kc2 52. b5 Kb3 53. a6 Ne6+ 54. Kd5 Nc7+ 55. Kc6 Na8 56. b6 1-0

[Event "Armen Norouz Cup 1st"]
[Site "Esfahan"]
[Date "2011.03.27"]
[Round "4"]
[White "Shah Moradi, Mohammad"]
[Black "Roohparvar, A Reza"]
[Result "1-0"]
[WhiteElo "2021"]
[BlackElo "2060"]
[PlyCount "55"]
[EventDate "2011.03.25"]
[EventType "swiss"]
[EventRounds "9"]
[EventCountry "IRI"]
[SourceTitle "CBM 141 Extra"]
[Source "ChessBase"]
[SourceDate "2011.05.03"]
[SourceVersion "1"]
[SourceVersionDate "2011.05.03"]
[SourceQuality "1"]

1. e4 c5 2. Nf3 Nc6 3. Nc3 g6 4. d4 Bg7 5. Be3 cxd4 6. Nxd4 Nf6 7. Bc4 d6 8. f3 0-0 9. Qd2 Bd7 10. 0-0-0 Qa5 11. Kb1 Ne5 12. Bb3 Rfc8 13. g4 Nc4 14. Bxc4 Rxc4 15. h4 h5 16. gxh5 Nxh5 17. Rhg1 Rac8 18. Rg5 Qd8 19. Rdg1 Kh7 20. Qg2 Bxd4 21. Rxh5+ Kg7 22. Bxd4+ Rxd4 23. Qg5 e6 24. Qh6+ Kf6 25. e5+ dxe5 26. Qg5+ Kg7 27. Qxe5+ Qf6 28. Rh7+ 1-0